000
00310nam a22001457a 4500
008
230210b ||||| |||| 00| 0 eng d
020
_a
9780538757034
041
_a
eng
080
_2
8 EDITION
_a
573
082
_a
573STA
100
_a
16.2
101
_a
BIO
245
_a
BIOLOGY
_c
STARR E
942
_2
udc
_c
BK
999
_c
59348
_d
59348